[Event "Nord-West Cup"]
[Site "?"]
[Date "2017.01.27"]
[Round "3"]
[White "Kardoeus, David"]
[Black "Steffens, Oliver"]
[Result "1-0"]
[WhiteElo "2173"]
[BlackElo "1834"]
[PlyCount "81"]
[EventDate "2017.??.??"]

1. e4 c5 2. Nf3 Nc6 3. d4 cxd4 4. Nxd4 Nf6 5. Nc3 e5 6. Ndb5 d6 7. Bg5 a6 8.
Na3 b5 9. Bxf6 gxf6 10. Nd5 Be6 11. c3 Bg7 12. Bd3 O-O 13. Qh5 Rc8 14. g4 b4
15. Nc2 bxc3 16. bxc3 Qa5 17. Rg1 Kh8 18. Kf1 f5 19. gxf5 Bxd5 20. Rxg7 Kxg7
21. Qg5+ Kh8 22. Qf6+ Kg8 23. Qg5+ Kh8 24. Qf6+ Kg8 25. Ke2 Ne7 26. Qxe7 Qd8
27. Rg1+ Kh8 28. Qxd8 Rfxd8 29. exd5 Rxc3 30. Kd2 Rc5 31. Ne3 Rb8 32. f6 Rb2+
33. Bc2 h6 34. a4 Rb4 35. Rg7 Rf4 36. Bf5 Rc7 37. Ke2 Rb7 38. Rh7+ Kg8 39. Rxh6
Rxa4 40. Bh7+ Kf8 41. Bc2 1-0

[Event "Nord-West Cup"]
[Site "?"]
[Date "2017.01.28"]
[Round "4"]
[White "Kardoeus, David"]
[Black "Haub, Thorsten Michael"]
[Result "0-1"]
[WhiteElo "2173"]
[BlackElo "2388"]
[PlyCount "114"]
[EventDate "2017.??.??"]

1. e4 g6 2. d4 Bg7 3. Nc3 d6 4. Be3 a6 5. Qd2 Nd7 6. O-O-O e6 7. h4 h6 8. f3
Ne7 9. Nh3 b5 10. Kb1 Bb7 11. Nf4 Nb6 12. a3 d5 13. g4 dxe4 14. fxe4 e5 15.
dxe5 Qxd2 16. Rxd2 Bxe5 17. Nfd5 Nbxd5 18. Nxd5 Rd8 19. Bg2 c6 20. Nb4 Rxd2 21.
Bxd2 Bg7 22. Nd3 O-O 23. Bb4 Re8 24. b3 g5 25. h5 Bc8 26. Bf3 Kh8 27. Rd1 Ng8
28. e5 Rd8 29. Bd6 f6 30. c4 bxc4 31. bxc4 c5 32. exf6 Rxd6 33. fxg7+ Kxg7 34.
Nxc5 Rxd1+ 35. Bxd1 Nf6 36. a4 Nxg4 37. Kc1 Nf6 38. Nd3 Kf7 39. Ne5+ Ke7 40.
Kd2 Be6 41. Ke3 g4 42. Kf2 Kd6 43. Ng6 Nxh5 44. Ke3 Kc5 45. Ne5 Nf6 46. Kf4 a5
47. Be2 h5 48. Nd3+ Kd4 49. Ne5 Bd7 50. Bd1 Be8 51. Bc2 Kc5 52. Kg5 Nd7 53. Ng6
Nb6 54. Kxh5 g3 55. Be4 Bxg6+ 56. Kxg6 Nxa4 57. Bg2 Nc3 0-1

[Event "Nord-West Cup"]
[Site "?"]
[Date "2017.01.28"]
[Round "5"]
[White "Porth, Hartmut"]
[Black "Kardoeus, David"]
[Result "1/2-1/2"]
[WhiteElo "2028"]
[BlackElo "2173"]
[PlyCount "56"]
[EventDate "2017.??.??"]

1. e4 e5 2. Nf3 Nc6 3. Bb5 a6 4. Bxc6 dxc6 5. O-O Bg4 6. h3 h5 7. d3 Qf6 8. Be3
Bxf3 9. Qxf3 Qxf3 10. gxf3 Bd6 11. Nd2 Ne7 12. Rfb1 c5 13. Kf1 f6 14. Ke2 Kf7
15. Nb3 b6 16. Nd2 Rad8 17. a3 a5 18. Nc4 Nc6 19. b3 g5 20. c3 b5 21. Nxd6+
cxd6 22. b4 cxb4 23. axb4 axb4 24. Ra6 Nb8 25. Ra7+ Ke6 26. d4 exd4 27. cxd4 d5
28. Rxb4 Rd6 1/2-1/2

[Event "Nord-West Cup"]
[Site "?"]
[Date "2017.01.29"]
[Round "6"]
[White "Kardoeus, David"]
[Black "Doell, Detlef"]
[Result "1-0"]
[WhiteElo "2173"]
[BlackElo "2033"]
[PlyCount "57"]
[EventDate "2017.??.??"]

1. e4 c5 2. Nf3 e6 3. d4 cxd4 4. Nxd4 Nf6 5. Nc3 Bb4 6. e5 Nd5 7. Bd2 Nxc3 8.
Qg4 Nc6 9. Nxc6 bxc6 10. Qxb4 Nd5 11. Qg4 Kf8 12. c4 f5 13. Qg3 Ne7 14. Bb4 Rb8
15. Qa3 Kf7 16. Ba5 Qf8 17. Bc7 Rb7 18. Bd6 Qd8 19. Be2 Re8 20. b4 Ng6 21. g3
a5 22. Rb1 Qb6 23. b5 Qd4 24. Qe3 Qxe3 25. fxe3 cxb5 26. cxb5 Ne7 27. Bf3 Nd5
28. Kd2 g5 29. Bh5+ 1-0

[Event "Bremer Senioren Einzelmeisterschaft"]
[Site "?"]
[Date "2017.01.10"]
[Round "4"]
[White "Wemssen, Lothar"]
[Black "Rust-Lux, Klaus"]
[Result "1/2-1/2"]
[WhiteElo "1835"]
[BlackElo "2025"]
[Annotator "Wemßen / Buchal"]
[PlyCount "94"]
[EventDate "2017.??.??"]

{In der 4. Runde kommt es beim Carl-Cals-Memorial zur Spitzenbegegnung Wemßen
gegen Rust-Lux. Während Lothar mit 3 aus 3 allein in Führung liegt, hat der
Turnierfavorit Klaus Rust-Lux bereits ein Remis gegen Bernd Künitz abgegeben .
..} 1. d4 Nf6 2. c4 d6 3. Nf3 Nbd7 4. Nc3 e5 5. Bg5 Be7 6. e4 ({In Verbindung
mit 5.Lg5 ist hier} 6. e3 {beliebt und wahrscheinlich etwas chancenreicher.
Zum Beispiel} c6 (6... Ng8 $5 7. Bxe7 Nxe7 8. Be2 Nc6 $5 {ist die Empfehlung
von Hickl/Zude in ihrem Buch 1...d6. Schwarz steht nach dem Abtausch der
Schwarzfelder sehr solide, braucht aber eine Weile, um den Raum- und
Entwicklungsnachteil auszugleichen.}) 7. Qc2 O-O 8. O-O-O exd4 9. Nxd4 {
mit gehaltvoller und scharfer Stellung wegen der unterschiedlichen Rochaden.})
6... O-O 7. Be2 c6 8. O-O Re8 {[#]} 9. dxe5 {Lothar vereinfacht die Stellung
gegen seinen favorisierten Gegner. Allerdings erhält Schwarz jetzt eine
vorteilhafte Version der königsindischen Abtauschvariante, denn sein
schwarzfeldriger Läufer steht nicht "dumm" auf g7, sondern bereits auf der
richtigen Diagonalen f8-a3 mit guten Einsatzmöglichkeiten beispielsweise auf
c5. Noch ist die Stellung im Gleichgewicht, aber Weiß muss aufpassen, dass
die Schwäche von d4 nicht zu langfristigem Vorteil für Schwarz führt.} dxe5
10. Qc2 Qc7 ({Stark in Betracht kam die sofortige Abtaschaktion der
schwarzfeldrigen Läufer:} 10... h6 11. Be3 Bc5 12. Bxc5 Nxc5 13. Rfd1 Qe7) 11.
h3 Nc5 {[%cal Bd7c5,Bc5e6,Be6f4]} 12. Rfd1 Ne6 13. Be3 g6 $6 {Leitet eine sehr
zeitraubende Umgruppierung mit Le7-f8-g7 ein, die dem Weißen Gelegenheit gibt
in der Zwischenzeit Raum am Damenflügel zu gewinnen. Besser war sicherlich} (
13... Bc5 14. Bxc5 Nxc5) 14. a3 $1 Bf8 15. b4 $36 {Weiß steht aktiver.} Bg7
16. Rd2 Nf4 17. Bc5 (17. Bf1 $14) 17... Bf8 (17... Bxh3 $5 {ist eine
interessante (riskante?!) Möglichkeit, Verwicklungen herbeizuführen:} 18.
gxh3 Qc8 19. Nh2 $1 Qxh3 20. Bf1 Qh4 21. Qd1 Bh6 {nebst ... Se6 und Schwarz
hat genug Kompensation für die geopferte Figur.}) 18. Bxf8 Kxf8 19. Bf1 h6 20.
Rad1 Qe7 21. c5 g5 22. Ne1 {sehr solide gespielt, federt den schwarzen
Angriffsversuch am Königsflügel ab.} Be6 23. Kh2 ({Interessant war hier auch
} 23. Ne2 {um den Springer entweder gegen den starken Sf4 abzutauschen oder
auf g3 die Schwäche auf f5 anzupeilen.}) 23... Kg7 (23... a5 $11) 24. g3 $14
Ng6 25. Ng2 $1 {Eine schöne Umgruppierung, Auf e3 steht dieser Springer sehr
effektiv.} Red8 26. Ne3 Rxd2 27. Rxd2 $6 (27. Qxd2 {hält den Druck auf der
d-Linie aufrecht.} Qd7 28. Qxd7 Bxd7 29. Nc4 $14) 27... Rd8 28. Qd1 Rxd2 29.
Qxd2 Qd7 30. Qxd7 Nxd7 31. Bc4 Ngf8 {[#]} 32. Ncd5 $1 {unterstreicht, dass
Weiß immer noch etwas angenehmer steht und Schwarz um Ausgleich kämpft.} b5
$6 (32... a5 $14 {kam in Betracht.}) 33. Bd3 $2 ({Mit} 33. cxb6 $1 $16 {
konnte Lothar beträchtlichen Vorteil festhalten.} Nxb6 (33... axb6 34. a4 $1)
34. Nxb6 axb6 35. a4 {und der a-Bauer ist äußerst gefährlich.}) 33... Nb8
34. Ne7 Kf6 $6 {Jetzt wird überraschend der schwarze Königsflügel schwach.
Mit} (34... Nfd7 $1 $11 {kann Schwarz die Stellung verteidigen.}) 35. N7f5 $1 {
Sg4+ ist eine echte Drohung.} h5 36. Nd6 Ng6 (36... a5 $14) 37. Nef5 $16 {
[%cal Rd6e8] mit der netten Drohung 38.Se8# !!} Bd7 38. Kg2 Ne7 39. Nxe7 Kxe7
40. Be2 $1 g4 {Auch die Alternativen machen wenig Freude. Das Gegenspiel
mittels} (40... a5 {führt nach} 41. bxa5 $1 Na6 42. Bxh5 Nxc5 43. Nf5+ {
bald zu einem schwierigen Kampf gegen freie a- und h-Bauern (!), während}) (
40... h4 41. gxh4 gxh4 42. Bg4 {alsbald ebenfalls den h-Bauern verliert.}) 41.
hxg4 hxg4 {[#]} (41... Bxg4 $16 {ist kaum besser.} 42. Nf5+ Ke6 ({auch} 42...
Kf6 43. Bxg4 hxg4 44. Nh6 {verliert einen Bauern.}) (42... Bxf5 43. exf5 $18))
42. f3 $2 {Schade! Hier bot sich nochmals die Möglichkeit, den weißen
Vorteil festzuhalten:} (42. Nf5+ $1 $16 {gewinnt einen Bauern und behält gute
Gewinnchancen.}) 42... gxf3+ $11 43. Kxf3 a5 $1 44. bxa5 Na6 45. Nb7 (45. a4 {
sieht interessant aus, ist aber ebenfalls Remis.} Nxc5 46. Nf5+ Kd8 47. Nd6 Ke7
48. Nf5+ Kd8) 45... Bc8 46. Nd6 Be6 47. Nb7 Bc8 {Eine sehr starke Leistung von
Lothar, der damit Klaus Rust-Lux auf Distanz hält und ungeschlagen Bremer
Seniorenmeister wird!} ({Lothar weist hier auf den interessanten Gewinnversuch
} 47... Kd7 {hin. Darauf folgt} 48. Nd6 Nxc5 ({nach} 48... Kc7 $5 {steht
schwarz sogar etwas besser:} 49. Ne8+ Kb8 50. Ng7 Bb3 51. Nf5 Nxc5 52. Ke3 $15)
49. a6 $1 Nxa6 50. Nxb5 $1 Nc5 51. Nc3 {mit Ausgleich.}) 1/2-1/2

[Event "26th WSCC 50+"]
[Site "Marianske Lazne"]
[Date "2016.11.21"]
[Round "3"]
[White "Ptacnik, Stanislav"]
[Black "Buchal, Stephan"]
[Result "0-1"]
[WhiteElo "2044"]
[BlackElo "2348"]
[Annotator "Stephan Buchal"]
[PlyCount "62"]
[EventDate "2016.??.??"]
[EventType "swiss"]
[EventCountry "CZE"]
[SourceTitle "playchess.com"]
[Source "ChessBase"]
[SourceQuality "1"]

1. e4 g6 2. d4 Bg7 3. Nc3 d6 4. f4 a6 5. Nf3 b5 {88 - 91} 6. Bd3 Nd7 7. e5 c5
8. Ng5 {Der Aufbau mit f4, Ld3, e5 und Sg5 gehört zum Schärfsten, was es
gegen die "Modern Defence" gibt.} cxd4 {... und diese Erfindung von
Hillarp-Persson ist die schäfste Erwiderung. Weiß hat jetzt die Wahl, eine
Figur oder die Dame zu gewinnen.} (8... Nh6 {ist eine "normale" Alternative.})
9. e6 {mein Gegner hatte das noch kurz vor der Partie anhand von Milov-Buchal
vorbereitet - aber er spielte trotzdem betont langsam (um mich in Sicherheit
zu wiegen?!)} f5 {[#]} 10. Nd5 {Er will die Dame gewinnen. Nach der Partie
sagte mein Gegner, er habe sich nicht vorstellen können, dass ich "solch eine
Variante" nochmal spielen würde.} ({Nach} 10. exd7+ Bxd7 11. Ne2 e5 {hat
Schwarz gute Kompensation für die Figur. Weiß wird früher oder später eine
Figur für 2 Zentralbauern zurückgeben müssen. Ich hatte das erst einmal in
einer Turnierpartie:} 12. Ng3 Nf6 13. O-O e4 14. N5xe4 fxe4 15. Nxe4 O-O 16.
Bd2 Nd5 17. Qf3 Qb6 18. Rae1 Ne3 19. Bxe3 dxe3 20. c3 Rae8 21. Ng5 Bc6 22. Qg3
Rf6 23. Kh1 Qc5 24. Nf3 b4 25. f5 (25. Nd4 bxc3 26. Nxc6 cxb2 $1) 25... bxc3
26. fxg6 Bxf3 (26... e2 $1 27. gxh7+ Kh8 28. Bxe2 c2 $19) 27. gxh7+ Kh8 28.
gxf3 $1 Qd5 29. Rg1 Qf7 $2 30. Bg6 $4 {in beiderseitiger Zeitnot macht meine
Gegnerin den letzten Fehler} Rxg6 31. Qxg6 Qxg6 32. Rxg6 cxb2 33. Kg2 Bc3 34.
Rg8+ Rxg8+ 35. hxg8=Q+ Kxg8 {0-1 (35) Sonnhalter,S (1788)-Buchal,S (2330) Bad
Wörishofen 2012}) 10... Nc5 {72 - 87} 11. Nf7 Bxe6 12. Nxd8 Bxd5 {[#]} 13. Ne6
$6 $146 {Offensichtlich endete hier die kurzfristige Vorbereitung meines
Gegners. Dabei fängt hier die Variante erst richtig an:} (13. O-O Rxd8 {
ist die "alte" Hauptvariante. Die Engines sehen Weiß natürlich in Vorteil 
(um die +0.7), aber die praktischen Chancen von Schwarz scheinen ganz gut zu
sein. In der Megabase 2017 +2 =1 -4}) (13. b4 $1 {Dieser Computerzug stellt
Schwarz vor die größten Probleme.} Nxd3+ ({Das an sich wünschenswerte} 13...
Na4 {scheitert jetzt gemeinerweise an} 14. c4 $1 $18) 14. cxd3 Rxd8 15. O-O Nh6
16. a4 {Dies ist meine erwähnte Partie gegen GM Milov, die ich wenige Monate
zuvor in Wörishofen verloren hatte. Milov kannte diese Variante ausgezeichnet!
} (16. Re1 Rd7 17. a4 O-O 18. axb5 axb5 19. Ra5 Rb8 20. Bb2 e5 {Andersen,M -
Thiede, 1-0, Bundesliga 11/12} (20... Rc7)) 16... O-O 17. axb5 axb5 18. h3 Rd7
$6 (18... Rfe8 $142 19. Ra7 Nf7 20. -- e5 $140) 19. Ra5 Rb8 20. Qc2 Nf7 {
86 - 81} 21. Bd2 Bf6 {Dieser Zug hat mich 50 Minuten gekostet!! Ich wusste
nicht, wie ich mich gegen das drohende Ta1 nebst Ta7 aufstellen sollte. Sofort
e7-e5 oder hinten rein stellen? Einen Turm tauschen oder keinen?} (21... e5
$142 22. fxe5 dxe5 23. Rfa1 Rdd8) 22. Rfa1 Rbb7 23. Ra8+ Nd8 (23... Kg7 24. Rc8
e5 25. Raa8 h5 26. fxe5 dxe5) 24. Rc8 Kf7 25. Raa8 Ne6 {53 -} 26. Rab8 h5 27.
Rxb7 Rxb7 28. Qc1 Ra7 29. g3 Ra6 30. Kf2 $2 (30. Rb8 $16) 30... Bb7 $2 {37 -} (
30... h4 $1 31. g4 fxg4 32. hxg4 Ra2 $11 33. Rc2 Ra8 34. f5 (34. g5 h3 $1 35.
Kg3 h2 $3 36. Kxh2 Rh8+ 37. Kg3 Ng7 {mit Dauerschach}) 34... gxf5 35. gxf5 Ng7)
31. Rb8 Bc6 32. Qc2 Bd7 33. Qb3 Ra7 34. Qd5 Rc7 35. Qa2 Rc8 {[%emt 0:00:00] 3 -
} 36. Rb7 Bc6 37. Ra7 Bg7 $4 (37... Be8 $16 {und Weiß muss noch lange
arbeiten.}) 38. Qa6 {1-0 (38) Milov,L (2439)-Buchal,S (2315) Bad Wörishofen
2016 [Buchal, Stephan]}) 13... Bxe6 (13... Nxe6 {gefiel mir nicht so recht
wegen} 14. a4 bxa4 15. Qe2 Nc5 16. Bc4 {aber nach} Be4 17. Ra3 Nf6 {gibt
Stockfish}) 14. Qf3 $6 {wahrscheinlich ungenau, denn die Dame wird wieder von
der Diagonale vertrieben.} (14. Be2 $5 $14 {ist der Zug, der Stockfish
gefällt. Und gibt folgende Variante:} Rc8 15. O-O Bd5 16. Bf3 Bxf3 (16... Be4
17. Bxe4 fxe4 18. f5 Be5) 17. gxf3 Kf7 18. Re1 e6 19. Qe2 Re8 20. Bd2 d3 21.
cxd3 Bxb2 22. Rab1 Bd4+ 23. Be3 Bxe3+ 24. Qxe3 Ne7 25. Qd2 Nd5 26. Rbc1 Rc8 27.
Kf1 h5 28. h4 Rhe8 29. d4 Nd7 30. Qa5 Nb8 31. Qa3 Rxc1 32. Rxc1) 14... Rc8 15.
O-O Nf6 {51 - 70} 16. a4 {[#] Der kritische Moment, der mich zu halbstündigem
Nachdenken veranlasste.} Bd5 (16... bxa4 17. Qe2 Nfe4 18. g4 $5 $13) 17. Qe2
Nxa4 18. Rxa4 $2 (18. Bd2 Kf7 $15) (18. Bxb5+ $2 axb5 19. Qxb5+ Kf7 $1 20. Rxa4
Rxc2 $19) 18... bxa4 19. Bxa6 Rc5 20. Bb5+ (20. c4 Be4 21. Qd1 Bc6 22. b4 axb3
23. Qxb3 O-O $17) 20... Kf7 $17 {[%emt 0:00:29] 36 -} 21. Bxa4 (21. Re1 Be4 22.
Bxa4 Rhc8 23. Bd2 Rxc2 $1 $17 24. Bb3+ (24. Bxc2 Rxc2 25. Ra1 d3 26. Qe1 Nd5
$19)) 21... Bc4 22. Bb3 Bxb3 23. cxb3 Rhc8 24. Bd2 Ne4 {[#] materiell fast
ausgeglichen, aber Schwarz ist wunderbar koordiniert. So wünscht man sich
diese Variante :-)} 25. Bb4 (25. g4 {war vielleicht einen Versuch wert, um
Verwirrung zu stiften.} Rc2 26. gxf5 gxf5 27. Qh5+ Ke6 $1 28. Re1 Bf6 $19)
25... Rc2 {[%emt 0:00:20] 8 -} 26. Qa6 Rb8 $6 (26... R8c7 $142) 27. Qd3 $6 (27.
Ba3 Bf6 $19) 27... Rxb2 28. Qc4+ Kf8 29. Ra1 Bf6 30. Rd1 d5 {[%emt 0:00:04] 1 -
} 31. Bxe7+ (31. Qc1 Rxb3 $19 32. Be1 Nc3 33. Bxc3 dxc3) 31... Bxe7 0-1

[Event "26th WSCC 50+"]
[Site "Marianske Lazne"]
[Date "2016.11.23"]
[Round "5"]
[White "Liberchuk, Ilia"]
[Black "Buchal, Stephan"]
[Result "0-1"]
[WhiteElo "2076"]
[BlackElo "2348"]
[Annotator "Stephan Buchal"]
[PlyCount "52"]
[EventDate "2016.??.??"]
[EventType "swiss"]
[EventCountry "CZE"]
[SourceTitle "playchess.com"]
[Source "ChessBase"]
[SourceQuality "1"]

1. c4 d6 2. d4 g6 3. e4 Bg7 4. Nc3 Nf6 5. f3 O-O {90 - 90} 6. Be3 a6 7. Qd2
Nbd7 8. g4 ({Der "Prototyp" meines Damenopfers kommt in folgender Variante vor.
Allerdings konnte ich mich an keine konkreten Zugfolgen erinnern und musste am
Brett daran arbeiten, ob das Motiv geht oder nicht.} 8. Nge2 c5 9. O-O-O Qa5
10. Kb1 b5 11. Nd5 Nxd5 12. Qxa5 Nxe3 13. Rc1 Nxc4 14. Rxc4 bxc4 {[#]}) 8... c5
9. O-O-O {Diese Kombination von frühem g2-g4 und langer Rochade ist in der
GM-Praxis noch nicht vorgekommen - wurde aber von meinem Gegner zügig und
selbstbewusst vorgetragen.} (9. d5 b5 $1 10. h4 Ne5) 9... Qa5 $6 (9... b5 $142
$1 10. dxc5 (10. cxb5 Qa5 $40) 10... b4 11. Na4 (11. Nd5 Nxd5 12. Qxd5 $2 Qa5
$1 $17 13. Qxa8 $2 Qxa2 $19) 11... Qa5 12. Qc2 Nxc5 13. Nxc5 dxc5 14. Kb1 Qb6
$11) 10. Kb1 b5 {82 - 66} 11. h4 (11. Nd5 Nxd5 $5 12. Qxa5 Nxe3 13. Rc1 Bxd4 $5
$14 14. Ne2 (14. cxb5 Ne5 $13) 14... Bg7 15. cxb5 Ne5 {und Stockfish sieht
ausreichend Kompensation für Schwarz, z.B.} 16. Nc3 Nxf1 17. Rhxf1 Be6 $1 $11
(17... Nc4 18. Qc7 Nd2+ 19. Kc2 Nxf1 20. Rxf1 axb5 21. Nd5 $14)) 11... Rb8 $5 {
Die Versuchung, das Damenopfer anzubringen, war einfach zu groß! Weniger
abenteuerlustig, aber keineswegs besser, war} (11... cxd4 12. Bxd4 b4 13. Nd5
Nxd5 14. Bxg7 Nc3+ $1 15. bxc3 Rb8 16. cxb4 Kxg7 17. Qb2+ Qe5 18. a3 Qxb2+ 19.
Kxb2 Ne5 20. Rh2 $14) 12. cxb5 axb5 13. Nd5 Nxd5 14. Qxa5 Nxe3 15. Rc1 {[#]}
Nxf1 $2 {[%emt 0:00:29] 72 -} (15... cxd4 $142 $1 {Stockfish:} 16. Qc7 Ra8 17.
Qc6 (17. Bxb5 Nc5 $11) 17... Rb8 18. Qc7 Ra8 $11 {!!!}) 16. Rxf1 cxd4 17. Rd1
$2 (17. Ne2 $142 $1 $16 Nc5 18. Nf4 b4 19. Rc1 Bb7 {Schwarz hat nicht
genügend Kompensation}) 17... Ne5 18. Qe1 Be6 19. Ne2 Nxf3 20. Qg3 Ne5 {
[%emt 0:00:22] 54 -} 21. Nxd4 Bxg4 22. Rc1 h5 23. Nc6 Rb7 24. Nxe5 Bxe5 {
[#] Mit dem starken Läuferpaar fühlte ich mich bereits sehr wohl - zumindest
völlig außer Gefahr.} 25. Qd3 $2 (25. Qa3 $142) 25... Ra8 $17 {[%emt 0:00:19]
50 -} 26. b3 Rxa2 $1 (26... Rxa2 27. Kxa2 Ra7+ 28. Kb1 Ra1+ 29. Kc2 Ra2+ 30.
Kb1 Rb2+ 31. Ka1 Rxb3+ 32. Ka2 Rxd3 $19) 0-1

[Event "Astana"]
[Site "Astana"]
[Date "2001.05.25"]
[Round "5"]
[White "Kasparov, Garry"]
[Black "Sadvakasov, Darmen"]
[Result "1/2-1/2"]
[WhiteElo "2827"]
[BlackElo "2585"]
[Annotator "Gute Eröffnungen 11-2"]
[PlyCount "85"]
[EventDate "2001.05.20"]
[EventRounds "10"]
[EventCountry "KAZ"]
[EventCategory "20"]

1. c4 e5 2. Nc3 Nf6 3. Nf3 Nc6 4. g3 Bb4 5. Bg2 (5. Nd5 e4 6. Nh4 O-O 7. Bg2 d6
8. O-O g5 9. d4 h6 10. Bh1 Ba5 11. Ng2 Bh3 12. Nge3 Bxf1 13. Kxf1 $13 {1-0
Sonofluck,R (2409)-Intuitivestra (2412)/playchess.com INT 2007/EXT 2010 (49)})
5... O-O 6. O-O e4 7. Ng5 Bxc3 8. bxc3 Re8 9. f3 e3 10. dxe3 Qe7 $1 {[#] Das
ist die Idee: Schwarz gewinnt den geopferten Bauern zurück und behält die
bessere Sturktur übrig.} 11. Nh3 Qc5 12. Nf4 Qxc4 13. e4 d6 14. Qd3 Ne5 {[#]}
(14... Be6 15. Be3 {1/2-1/2 Khalifman,A (2690)-Grischuk,A (2702)/ Kallithea
2002/CBM 092} (15. Nxe6 Qxe6 16. Qb5 Rab8 17. Qb3 Qe5 18. Be3 b6 19. Rad1 Na5
$15)) 15. Qxc4 Nxc4 16. g4 Rb8 17. Rd1 b6 $6 (17... Be6 18. Nxe6 fxe6 $15) 18.
g5 Nd7 19. Nd5 $11 Rb7 20. f4 Nf8 21. Rd4 Na5 22. f5 Bd7 23. Rb1 c5 24. Rd3 Ba4
25. Bf4 Bc2 26. Rb2 Bxd3 27. exd3 Rd8 28. h4 Nc6 29. h5 Ne7 30. Ne3 Rbd7 31.
Ng4 Nc6 32. h6 Ne5 33. Bxe5 dxe5 34. hxg7 Kxg7 35. Bf1 Rd6 36. Nxe5 f6 37. Ng4
fxg5 38. Rh2 Re8 39. e5 Rd5 40. f6+ Kh8 41. Nh6 Rdxe5 42. Nf7+ Kg8 43. Nh6+
1/2-1/2

[Event "Ordu op 2nd"]
[Site "Ordu"]
[Date "2016.04.17"]
[Round "6"]
[White "Nailer, Ali"]
[Black "Delchev, Aleksander"]
[Result "0-1"]
[WhiteElo "1778"]
[BlackElo "2596"]
[Annotator "Gute Eröffnungen 11-4"]
[PlyCount "48"]
[EventDate "2016.04.14"]
[EventRounds "7"]
[EventCountry "TUR"]

1. c4 e5 2. g3 c6 3. d4 (3. Nf3 e4 4. Nd4 Qb6 5. Nb3 a5 (5... Nf6 6. d3 Ng4 7.
e3 d5 8. cxd5 cxd5 9. Nc3 Bb4 10. Bg2 O-O 11. dxe4 dxe4 12. Bxe4 Nf6 13. Bg2
Bg4 $44) 6. d3 Bb4+ 7. Nc3 a4 8. Nd2 exd3 9. exd3 Nf6 10. Bg2 O-O 11. O-O Qa5
12. Nde4 Nxe4 13. Nxe4 d5 14. a3 dxe4 15. axb4 Qxb4 16. Bxe4 Nd7 $11 {1-0
Gajewski,G (2654)-Romanov,E (2573)/Berlin 2015/CBM 168 Extra (36)}) 3... e4 4.
Nc3 d5 5. Bg2 Nf6 6. cxd5 cxd5 7. Nh3 (7. Bg5 Bb4 8. Rc1 (8. Nh3 Bxc3+ 9. bxc3
Nbd7 10. O-O h6 {0-1 Mwali,C (2250)-Edouard,R (2680)/Tromsoe 2014/CBM 162 (30)}
11. Bxf6 Nxf6 12. Qa4+ Bd7 13. Qb3 O-O $11) 8... Nbd7 9. Qb3 (9. Nh3 h6 10. Bd2
Bxc3 11. Rxc3 O-O 12. O-O Qb6 13. Qc2 Qxd4 14. Rd1 Qe5 {1/2-1/2 Eljanov,P 
(2693)-Edouard,R (2652)/Istanbul 2012/CBM 151/ [Edouard,R] (73)}) 9... Bxc3+
10. Qxc3 O-O 11. Qc7 Qxc7 12. Rxc7 h6 13. Bxf6 Nxf6 14. e3 Rb8 $11 15. Ne2 {
1/2-1/2 Jones,G (2661)-Edouard,R (2659)/London 2014/CBM 164 (35)}) 7... h6 8.
O-O Bb4 9. f3 O-O {[#]} 10. Nf2 $6 (10. fxe4 {Das ist der prinzipielle Zug in
dieser Variante.} Bxc3 11. bxc3 Bxh3 12. Bxh3 Nxe4 13. Qd3 {[#] Weiß hat den
Vorteil des Läuferpaares, aber Schwarz hat die solidere Bauernstruktur.} Nd7
14. c4 Re8 15. Rb1 dxc4 16. Qxc4 Ndf6 $11) 10... exf3 11. Bxf3 Nc6 12. e3 Bf5
13. Nd3 Bxc3 14. bxc3 Be4 15. Nc5 Bxf3 16. Qxf3 b6 17. Nd3 Na5 18. Ne5 Rc8 19.
Ba3 Re8 20. Bb4 Nc4 21. Nxc4 Rxc4 22. Rae1 Qd7 23. Qf5 Qe6 24. g4 Ne4 0-1

[Event "9th Chennai Open 2017"]
[Site "Chennai IND"]
[Date "2017.01.23"]
[Round "7.1"]
[White "Horvath, Ad1"]
[Black "Tukhaev, A."]
[Result "0-1"]
[WhiteElo "2499"]
[BlackElo "2516"]
[Annotator "Kombiecke 34 (4)"]
[PlyCount "42"]
[EventDate "2017.01.18"]
[EventType "swiss"]
[EventRounds "10"]
[EventCountry "IND"]
[SourceTitle "The Week in Chess 1160"]
[Source "Mark Crowther"]
[SourceDate "2017.01.30"]
[SourceVersion "1"]
[SourceVersionDate "2017.01.30"]
[SourceQuality "2"]

1. e4 c5 2. Nf3 e6 3. d4 cxd4 4. Nxd4 Nc6 5. Nc3 d6 6. Be3 Nf6 7. Qd2 e5 8. Nb3
Be7 9. f3 O-O 10. O-O-O a5 11. Na4 Be6 12. Kb1 d5 13. Bb6 Qc8 14. Nbc5 dxe4 15.
fxe4 Bxc5 16. Nxc5 Nd4 17. Nxe6 Nxe4 18. Qe1 {Diagramm [#]} Qxc2+ 19. Ka1 Nb3+
20. axb3 a4 21. Nc7 a3 0-1

[Event "TCh-HUN 2016-17"]
[Site "Hungary HUN"]
[Date "2017.02.12"]
[Round "6.2"]
[White "Bartel, Mat"]
[Black "Szabo, G ROM."]
[Result "1-0"]
[WhiteElo "2641"]
[BlackElo "2540"]
[Annotator "Kombiecke 34 (5)"]
[PlyCount "45"]
[EventDate "2016.10.30"]
[EventType "team"]
[EventRounds "9"]
[EventCountry "HUN"]
[SourceTitle "The Week in Chess 1163"]
[Source "Mark Crowther"]
[SourceDate "2017.02.20"]
[SourceVersion "1"]
[SourceVersionDate "2017.02.20"]
[SourceQuality "2"]
[WhiteTeam "DVTK"]
[BlackTeam "Z.Csuti-Hydrocomp SK"]

1. e4 c5 2. Nf3 e6 3. d4 cxd4 4. Nxd4 Nc6 5. Nc3 Qc7 6. Qd3 a6 7. Nxc6 Qxc6 8.
Be2 Ne7 9. Bf4 b5 10. Bf3 Bb7 11. O-O-O Rc8 12. Bd6 Qc4 13. Qd2 Rd8 14. b3 Qc6
15. e5 Qb6 16. Bxb7 Qxb7 17. Rhe1 Qc6 18. Ne4 Nd5 {Diagramm [#]} 19. Qxd5 exd5
20. Nf6+ gxf6 21. exf6+ Be7 22. Rxe7+ Kf8 23. Re8+ 1-0